000 00749nam a2200301Ia 4500
001 19565
003 IT-RoPAU
008 130308s9999 xx 000 0 und d
040 _aIT-RoPAU
040 _cIT-RoPAU
041 _aFRANCESE
100 _aQueval Jean
100 _gCodice Aut. SPICS: 909
245 _aCourts Metrages
245 _bCinema 53 a Travers le Monde
250 _a1a ed.
260 _aPARIS
260 _bCerf
260 _c1954 [1° Ed.:1954 - Ed.Ling.Originale:1954]
300 _a"5 p. (prefazione: no ; testo: 5 [pagine: 155-159])"
500 _aCortometraggi 1953
650 _aSTORIA DEL CINEMA
650 _eCodice materia Spics: 6808
942 _cBK
957 _71
999 _c53561
_d53561
999 _bSI
999 _g1